| 000 | 00515 a2200157 4500 | ||
|---|---|---|---|
| 020 | _a 8120312775 | ||
| 040 |
_aDLC _bDLC |
||
| 082 | _a005.133 | ||
| 100 | _a Rowe, Glenn . | ||
| 245 |
_aIntroduction to data structures and algorithms with C++ _cGlenn Rowe |
||
| 260 |
_aNew Delhi: _bPrentice Hall, _c c1976. |
||
| 300 |
_a xiv, 370 p. ; _c24 cm. |
||
| 500 | _aIncludes Index | ||
| 650 | _a1.C++ (Computer program language).2.Computer algorithms..3.Data structures (Computer science). | ||
| 942 |
_cBK _k005.133 ROW _2ddc |
||
| 999 |
_c6012 _d6012 |
||